Theroux The Keyhole : (Record no. 550)

MARC details
000 -LEADER
fixed length control field 00703nam a22002297a 4500
005 - DATE AND TIME OF LATEST TRANSACTION
control field 20230808094250.0
008 - FIXED-LENGTH DATA ELEMENTS--GENERAL INFORMATION
fixed length control field 230808b |||||||| |||| 00| 0 eng d
020 ## - INTERNATIONAL STANDARD BOOK NUMBER
International Standard Book Number 9781509880416 (pbk)
040 ## - CATALOGING SOURCE
Original cataloging agency KMU
Transcribing agency KMU
Modifying agency KMU
Description conventions rda
050 ## - LIBRARY OF CONGRESS CALL NUMBER
Classification number PR 2631.A2
100 ## - MAIN ENTRY--PERSONAL NAME
Personal name Theroux,Louis
245 ## - TITLE STATEMENT
Title Theroux The Keyhole :
Remainder of title Dispatches from a grounded documentary maker
Statement of responsibility, etc. /Louis Theroux
260 ## - PUBLICATION, DISTRIBUTION, ETC.
Place of publication, distribution, etc. London:
Name of publisher, distributor, etc. Macmillan,
Date of publication, distribution, etc. 2021.
300 ## - PHYSICAL DESCRIPTION
Extent 368.:
Dimensions 23cm
650 ## - SUBJECT ADDED ENTRY--TOPICAL TERM
Source of heading or term oclc
Topical term or geographic name entry element COVID-19 (Disease)--Social aspects
650 ## - SUBJECT ADDED ENTRY--TOPICAL TERM
Source of heading or term oclc
Topical term or geographic name entry element Social aspects
650 ## - SUBJECT ADDED ENTRY--TOPICAL TERM
Source of heading or term oclc
Topical term or geographic name entry element Theroux, Louis
650 ## - SUBJECT ADDED ENTRY--TOPICAL TERM
Source of heading or term oclc
Topical term or geographic name entry element Television personalities
650 ## - SUBJECT ADDED ENTRY--TOPICAL TERM
Source of heading or term oclc
Topical term or geographic name entry element Families
650 ## - SUBJECT ADDED ENTRY--TOPICAL TERM
Source of heading or term oclc
Topical term or geographic name entry element Journalists
942 ## - ADDED ENTRY ELEMENTS (KOHA)
Source of classification or shelving scheme Library of Congress Classification
Koha item type Non-Fiction
Suppress in OPAC No
Holdings
Withdrawn status Lost status Source of classification or shelving scheme Damaged status Not for loan Collection Home library Current library Shelving location Date acquired Source of acquisition Total Checkouts Full call number Barcode Date last seen Price effective from Koha item type
    Library of Congress Classification     Non-fiction Kapasa Makasa University Kapasa Makasa University Open Access 08.08.2023 Zambia Library Service   PR 2631.A2 The 300299 08.08.2023 08.08.2023 Non-Fiction
    Library of Congress Classification     Non-fiction Kapasa Makasa University Kapasa Makasa University Open Access 08.08.2023 Zambia Library Service   PR 2631.A2 The 300300 08.08.2023 08.08.2023 Non-Fiction